Philosophical perspective of education / (Record no. 164493)

MARC details
000 -LEADER
fixed length control field 00620nam a2200193 4500
005 - DATE AND TIME OF LATEST TRANSACTION
control field 20190521170811.0
010 ## - LCCN (DPL NO)
LC control number ENG-125252
020 ## - INTERNATIONAL STANDARD BOOK NUMBER
Terms of availability 795.00
International Standard Book Number 9789386725547
035 ## - SYSTEM CONTROL NUMBER
System control number EN-108784
037 ## - SOURCE OF ACQUISITION
Source of stock number/acquisition DBAD/PUB
082 ## - DEWEY DECIMAL CLASSIFICATION NUMBER
Classification number 370.1
245 ## - TITLE STATEMENT
Title Philosophical perspective of education /
Statement of responsibility, etc by T. Mrunalilni ...[et al]
260 ## - PUBLICATION, DISTRIBUTION, ETC. (IMPRINT)
Name of publisher, distributor, etc Neelkamal Publications
Place of publication, distribution, etc New Delhi
Date of publication, distribution, etc 2018
270 ## - ADDRESS
Address 4764/1, 23, Ansari Road, Daryaganj
City New Delhi
Postal code 110002
300 ## - PHYSICAL DESCRIPTION
Extent x, 254 p.
Dimensions 24cm(Hb)
500 ## - GENERAL NOTE
General note Includes bibliographical references and index
700 ## - ADDED ENTRY--PERSONAL NAME
Personal name Mrunalini, T
942 ## - ADDED ENTRY ELEMENTS (KOHA)
Source of classification or shelving scheme Dewey Decimal Classification
Item type English Books
Classification part 370.1
Call number suffix PHI
Holdings
Withdrawn status Lost status Not for loan Collection code Home library Current library Date acquired Source of acquisition Cost, normal purchase price Full call number Barcode Copy number Cost, replacement price Koha item type
      Non-fiction Central Library Central Library 21/05/2019 DBAD/PUB 795.00 370.1 PHI EN-108784 1 795.00 English Books

© Delhi Public Library
Hit Counter
free hit counter